I presocratici: testimonianze e frammenti

Сохранить в:
Библиографические подробности
Формат:
Язык:итальянский
Опубликовано: Roma Laterza 1999
Редактирование:6a. ed
Серии:Biblioteca Universale, 22
Предметы:
Метки: Добавить метку
Нет меток, Требуется 1-ая метка записи!

MARC

LEADER 00000nam a2200000 a 4500
001 UCO8438
003 CL-VaPUC
008 001207e19990000IT |||||||||||||||||ita|d
082 0 4 |a 182  |b PRE  |2 21 
245 1 2 |a I presocratici: testimonianze e frammenti 
250 |a 6a. ed 
300 |a v 
942 |c BK 
945 |d 20001207 00:00:00  |a vberengu 
260 |a Roma  |b Laterza  |c 1999 
650 0 |a Filosofía antigua   |9 255705 
650 0 |a Filosofía griega  |9 265579 
650 0 |a Filosofía presocrática   |9 345540 
650 0 |a Presocráticos  |9 325852 
583 |a last modification  |c 20001207 00:00:00  |k Rodrigo Vera 
490 0 |a Biblioteca Universale, 22 
999 |c 293097  |d 293095 
952 |0 0  |1 0  |4 0  |6 182_000000000000000_PRE_1999  |7 0  |8 DER_TF  |9 344285  |a BIBDER  |b BIBDER  |d 2019-11-20  |h v.1  |i 3591921  |o 182 PRE 1999  |p 3591921  |r 2023-01-25  |w 2019-11-20  |x Ubicación 4to Piso  |y BK  |z Estos recursos deben solicitarse con anticipación  |k DER 
952 |0 0  |1 0  |4 0  |6 182_000000000000000_PRE_1999  |7 0  |8 DER_TF  |9 344286  |a BIBDER  |b BIBDER  |d 2019-11-20  |h v.2  |i 359193K  |o 182 PRE 1999  |p 359193K  |r 2023-01-25  |w 2019-11-20  |x Ubicación 4to Piso  |y BK  |z Estos recursos deben solicitarse con anticipación  |k DER